书目信息 |
| 题名: |
道德体验论
|
|
| 作者: | 刘惊铎 著 | |
| 分册: | ||
| 出版信息: | 北京 人民教育出版社 2003 |
|
| 页数: | 342页 | |
| 开本: | 24cm | |
| 丛书名: | 当代德育新理论丛书 | |
| 单 册: | ||
| 中图分类: | G410 , G41 | |
| 科图分类: | ||
| 主题词: | 德育 , 教育理论 , 德育--教育理论 | |
| 电子资源: | ||
| ISBN: | 7-107-17111-9 | |
| 000 | 00998nam0 2200313 450 | |
| 000 | 01001nam0 2200301 450 | |
| 000 | 00934nam0 2200277 450 | |
| 000 | 00898nam0 2200265 45 | |
| 005 | 20070727102251.80 | |
| 010 | @a7-107-17111-9@dCNY32.60 | |
| 100 | @a20070709d2003 em y0chiy0120 ea | |
| 101 | 0 | @achi |
| 102 | @aCN@b110000 | |
| 105 | @ay z 000yy | |
| 200 | 1 | @a道德体验论@ADao De Ti Yan Lun@f刘惊铎著@FLiu Jing Duo Zhu |
| 210 | @a北京@c人民教育出版社@d2003 | |
| 215 | @a342页@d24cm | |
| 225 | 2 | @a当代德育新理论丛书 |
| 300 | @a教育部人文社会科学重点研究基地项目 | |
| 330 | @a本书对学校德育教育进行研究,从生存实践的视界,以体验为线索,以深生态观、非线性思维和自组织理论为背景,从跨学科角度展开全景式研究。 | |
| 410 | 0 | @12001 @a当代德育新理论丛书 |
| 606 | 0 | @a德育 |
| 606 | 0 | @a教育理论 |
| 606 | 0 | @a德育@x教育理论 |
| 690 | @aG410@v4 | |
| 690 | @aG41@v3 | |
| 701 | 1 | @a刘惊铎@ALiu Jing Duo@f(1961~)@4著 |
| 801 | 0 | @aCN@bTAOJIN@c20070727 |
| 905 | @a10447@dG41@e30 | |
| 道德体验论/刘惊铎著.-北京:人民教育出版社,2003 |
| 342页;24cm.-(当代德育新理论丛书) |
| 教育部人文社会科学重点研究基地项目 |
| ISBN 7-107-17111-9:CNY32.60 |
| 本书对学校德育教育进行研究,从生存实践的视界,以体验为线索,以深生态观、非线性思维和自组织理论为背景,从跨学科角度展开全景式研究。 |
| ● |
| 相关链接 |
|
|
|
|
正题名:道德体验论
索取号:G41/30
 
预约/预借
| 序号 | 登录号 | 条形码 | 馆藏地/架位号 | 状态 | 备注 |
| 1 | 0820650 | 208206500 | 第一样本阅览室/ [索取号:G41/30] | 在馆 | |
| 2 | 0820651 | 208206519 | 第四借阅区/ [索取号:G41/30] | 在馆 | |
| 3 | 0820652 | 208206528 | 第四借阅区/ [索取号:G41/30] | 在馆 | |
| 4 | 0820653 | 208206537 | 第四借阅区/ [索取号:G41/30] | 在馆 | |
| 5 | 0820654 | 208206546 | 第四借阅区/ [索取号:G41/30] | 在馆 |